| 000 | 00393nam a2200109Ia 4500 | ||
|---|---|---|---|
| 008 | 220204s9999 xx 000 0 und d | ||
| 082 |
_a02:681.3.022 _bNEE |
||
| 100 | _aNeelameghan, A | ||
| 245 | 0 | _aOn line database searching and retrieval: Strategies, procedures, commands and problems: A brief guide | |
| 260 |
_aBangalore _bSarada Ranganathan Endowment for Library Science _c1995 |
||
| 942 | _cBK | ||
| 999 |
_c40751 _d40751 |
||